000 00812nam a2200253Ia 4500
999 _c7091
_d7091
001 12125601
003 OSt
005 20190122180647.0
008 850606s1984 miu 000 0 eng d
035 _atcgc143377
040 _aMSB
_cMSB
_dTSM
082 _a251
_bM478s
090 _aBV4223
_b.M24 1984
092 _a251.02
_bM241s
100 1 _aMacpherson, Ian,
_d1912-
245 1 0 _aSermon outlines from pulpit masters :
_bNew Testament /
_cIan MacPherson.
246 3 _aSermon outlines from sermon masters.
260 _aGrand Rapids, Mich. :
_bBaker Book House,
_c1984.
300 _a220 p. ;
_c20 cm.
500 _aFormerly published under title: Sermon outlines from sermon masters, New Testament (1960).
500 _aIncludes indexes.
650 0 _aSermons
_vOutlines, syllabi, etc.
942 _2ddc
_cBK